| 000 | 01290cam a22003378i 4500 | ||
|---|---|---|---|
| 001 | 20956310 | ||
| 003 | OSt | ||
| 005 | 20240221104156.0 | ||
| 008 | 190501s2019 nyu b 001 0 eng | ||
| 010 | _a 2019020856 | ||
| 020 | _a9781941332467 (pbk. : alk. paper) | ||
| 040 |
_aDLC _beng _erda _cDLC |
||
| 042 | _apcc | ||
| 050 | 0 | 0 |
_aNA2500 _b.M377 2019 |
| 082 | 0 | 0 |
_a720.1 _223 _bMAY |
| 100 | 1 |
_aMay, John _c(Architect), _eauthor. _9120994 |
|
| 245 | 1 | 0 |
_aSignal. image. architecture. : _beverything is already an image / _cJohn May. |
| 260 |
_aNew York: _bColumbia Books; _c2019. |
||
| 263 | _a1908 | ||
| 300 | _a143p.; | ||
| 504 | _aIncludes bibliographical references and index. | ||
| 505 | 0 | _amyelectriceye -- Three axioms x three storage formats -- What orthography was -- Real time : the state of management -- The automatic present (or, The politics of very large numbers) -- Telemasis. | |
| 650 | 0 |
_aArchitecture _xPhilosophy. _910589 |
|
| 650 | 0 |
_aImage (Philosophy) _9120995 |
|
| 650 | 0 |
_aArchitecture and technology. _910591 |
|
| 650 | 0 |
_aDigital images. _9120996 |
|
| 906 |
_a7 _bcbc _corignew _d1 _eecip _f20 _gy-gencatlg |
||
| 942 |
_2ddc _cBK _aSADA _k720.1 MAY 2019 |
||
| 999 |
_c607966 _d607966 |
||